000 00604nam a2200253Ia 4500
005 20260121154801.0
008 008 260114s9999 xx 000 0 eng d
020 _a9781315108322
037 _aEBOOK
040 _aCRL
040 _beng
040 _cCRL
041 _2eng
041 _aeng
084 _qCRL
100 _a Darren Ellis; Ian Tucker
_91011456
245 0 _aEmotion in the Digital Age
260 _bTaylor and Francis
260 _c2021
856 _uhttp://www.taylorfrancis.com/books/9781315108322
942 _cEBOOK
999 _c1578277
_d1578277